| 000 | 00743cab a2200265 4500 | ||
|---|---|---|---|
| 001 | WB3413-40 | ||
| 008 | 090401t1998 xxu||||| |||| 00| 0 eng d | ||
| 035 | _a(Sirsi) u85389 | ||
| 041 | _aeng | ||
| 245 | _aRepresenting buyer and seller | ||
| 260 | _c1998 | ||
| 350 | _a0 | ||
| 490 |
_aTimes _v1 April 1998, 37(1) |
||
| 520 | _aDiscusses the growing trend of estate agents representing both buyers and sellers. | ||
| 650 | _aBUYING AGENTS | ||
| 650 | _aCONFLICTS OF INTEREST | ||
| 650 | _aESTATE AGENTS | ||
| 650 | _aFEES | ||
| 650 | _aPROFESSIONAL ETHICS | ||
| 650 | _aRESIDENTIAL AGENTS | ||
| 650 | _aSELLING AGENTS | ||
| 690 | _aMANAGEMENT-BUSINESS MANAGEMENT-PROFESSIONAL PRACTICE | ||
| 942 | _n0 | ||
| 948 | _c02/04/1998 | ||
| 999 |
_c53693 _d53693 |
||